Statistics for Babe Ruth Fact File

Click here to take the quiz!

General Stats

  • This quiz has been taken 19 times
  • The average score is 9 of 15

Answer Stats

HintAnswer% Correct
What was Babe Ruth's first name?George
100%
What team sold Babe Ruth to the Yankees?Red Sox
100%
Where was Babe Ruth from?Baltimore
88%
What was Babe Ruth's middle name?Herman
88%
What number did Babe Ruth wear for the Yankees?3
75%
Who was the first baseball player to hit more home runs than Babe Ruth?Hank Aaron
75%
What team was Babe Ruth picked up by?Orioles
75%
What year was Babe Ruth born?1895
63%
What year did Babe Ruth parish?1948
63%
What team did Babe Ruth finish his career on?Boston Braves
50%
Where did Babe Ruth learn how to play baseball?St. Mary's Industrial School for Boys
38%
How did Babe Ruth's first wife die?Fire
25%
How did Babe Ruth die?Esophageal cancer
13%
How did Babe Ruth end the 1926 world series?He got caught stealing?
13%
How did Babe Ruth pitch in a combined no-hitter without retiring a batter?He got ejected
13%

Score Distribution

Percentile by Number Answered

Percent of People with Each Score

Your Score History

You have not taken this quiz